The New Oxford American Dictionary

محفوظ في:
التفاصيل البيبلوغرافية
المؤلف الرئيسي: McKean, Erin
التنسيق: كتاب
اللغة:Undetermined
منشور في: New York, Estados Unidos Oxford University Press 2005
الموضوعات:
الوسوم: إضافة وسم
لا توجد وسوم, كن أول من يضع وسما على هذه التسجيلة!

MARC

LEADER 00000nam a2200000Ia 4500
008 170316s9999 xx 000 0 und d
040 |a cru BVZT 
090 |a REF 
100 |a McKean, Erin 
245 4 |a The New Oxford American Dictionary 
260 |a New York, Estados Unidos 
260 |b Oxford University Press 
260 |c 2005 
300 |a 2051 páginas 
650 |a REFERENCIA 
650 |a EN IDIOMA INGLÉS 
650 |a DICCIONARIO INGLÉS - INGLÉS 
942 |c REF 
999 |c 15191  |d 15191